| 000 | 00791nam a2200253 a 4500 | ||
|---|---|---|---|
| 001 | BRL_173 | ||
| 005 | 20190320210623.0 | ||
| 008 | 231012s1990----mx-#######---#000-0#spa-# | ||
| 020 | _a9686271147 | ||
| 041 | _aspa | ||
| 044 | _amx | ||
| 050 | 4 |
_aHV9513 _b.A38 1990 |
|
| 100 | 1 |
_aAguilar Sánchez, Martín G. _923114 |
|
| 245 | 1 | 0 |
_aEl sistema represivo en el puerto de Veracruz, las cárceles (1876-1890) _cMartín G. Aguilar Sánchez. |
| 260 |
_aVeracruz, Ver., México _bInstituto Veracruzano de Cultura _c1990 |
||
| 300 |
_a21 p. _c26 cm. |
||
| 440 | 0 |
_aCartapacios _pDirección de Patrimonio Cultural _923115 |
|
| 500 | _aAu49 | ||
| 504 | _aBibliografía: p. 21 | ||
| 650 | 1 | 4 |
_aCarceles _zVeracruz _923116 |
| 650 | 1 | 4 |
_aPrisiones _zMéxico _923117 |
| 902 | _aGRL | ||
| 942 |
_2lcc _cB |
||
| 999 |
_c8986 _d8986 |
||